00582nam a2200157Ia 4500008004100000082001000041100003000051245009100081260001400172300000800186365000800194520002000202630009100222650002000313730009100333100917s9999 xx 000 0 und d b18136 aजोशी द. के. aहिंदुस्थानी संगीत पध्दती पु. 2 रे b---c1929 a480 b2.5 aसंगीत aहिंदुस्थानी संगीत पध्दती पु. 2 रे aसंगीत aहिंदुस्थानी संगीत पध्दती पु. 2 रे